00334nam a2200145Ia 4500008004000000041000800040082001200048100001700060245002700077260004500104650000700149650001200156650000800168650001200176210210b1928 xxu||||| |||| 00| 0 eng d aeng a825/743 aROSCOE (E S) aAspects of Dr. Johnson aCambridgebAt the University Pressc1928 aof aJohnson aDr. aAspects